000 00794nmm a2200253 a 4500
001 ocm000701071
003 TR-IsHL
005 20201028125356.0
008 110704s1969 tu tur
007 cr cn
035 _a701071
_b(N$T)
050 0 4 _aHC415.25
_b.İ87 1969
090 0 4 _aHC415.25
_b.İ87 1969
245 1 0 _aİsrail
_h[electronic resource]
250 _a1. bs.
260 _aİstanbul :
_bİstanbul Ticaret Odası,
_c1969
300 _a32 p.
650 4 _aEkonomi ve Finans
650 4 _aEconomics and Finance
650 0 _aİsrail
_x Ekonomik durum
650 0 _aIsrael
_x Economic conditions
650 7 _aBUSINESS & ECONOMICS / Economic Conditions
_2bisacsh
856 4 0 _uhttp://search.ebscohost.com/login.aspx?direct=true&scope=site&db=e011xww&AN=701071
999 _c3448
_d3448